Langue française: Le jeu des 8 lettres #3 - Statistiques

Statistiques générales
  • Ce quiz a été pris 1 322 fois
  • Le résultat moyen est 11 sur 20
Statistiques - réponses
Hint Réponse % Correct
On les noue pour les chaussures Lacets
87%
N'est pas humide Sec
87%
On y mange autour Table
87%
L'une des trois grandes céréales Blé
85%
Transportent l'électricité Câbles
84%
Déterminant article défini au pluriel Les
77%
Terminé sans aucun soin Bâclé
71%
Qui s'énerve peu Calme
71%
La mer en a beaucoup Sel
64%
Avec la hauteur dans la formule d'aire du triangle Base
52%
Estonien, Lituanien ou Letton Balte
51%
Familier pour chiens Clebs
43%
Ne réfléchit pas la lumière Mat
42%
Faute, sanction disciplinaire Blâme
37%
Lassé, dégoûté Blasé
26%
Les animistes la défendent Âme
22%
Orge cuite pour dégager les arômes Malt
21%
Accumulation locale de pus Abcès
17%
Bruit violent et soudain ou partie d'objet brisé Éclat
16%
Les "Actions" des Apôtres dans la Bible Actes
15%
Aucun quiz correspondant
Distribution des résultats
% des personnes avec chaque résultat
Percentile par nombre de réponses
Votre historique - résultats
Vous n’avez pas pris ce quiz